| Поле | Название | Значение |
| |
Тип записи |
a |
| |
Библиографический уровень |
m |
| 001 |
Контрольный номер |
5a2576327c0548fd88e0bd0da5316248 |
| 005 |
Дата корректировки |
20260703090855.6 |
| 010 |
Индекс ISBN |
__ |
| a |
ISBN |
978-500116-905-5 |
| 9 |
Тираж |
4000 экз. |
| 100 |
Данные общей обработки |
__ |
| a |
Данные общей обработки |
20260702d2025 m y0rusy028902 ca |
| 101 |
Язык документа |
1_ |
| a |
Язык текста |
rus |
| c |
Язык оригинала |
chi |
| 102 |
Страна публикации |
__ |
| a |
Страна публикации |
RU |
| 105 |
Кодированные данные (монография) |
__ |
| a |
Кодированные данные (монография) |
y z 000ay |
| 181 |
Поле кодированных данных: вид содержания |
_0 |
| a |
Код вида содержания (ISBD) |
i |
| 182 |
Поле кодированных данных: тип средства |
_0 |
| a |
Код типа средства (ISBD) |
n |
| 200 |
Заглавие и сведения об ответственности |
1_ |
| a |
Заглавие |
Т. 2 |
| g |
Последующие сведения об ответственности |
[перевела с китайского В. Симакина] |
| 203 |
Вид содержания и тип средства |
__ |
| a |
Вид содержания |
Текст |
| c |
Тип средства |
непосредственный |
| 210 |
Выходные данные |
1_ |
| d |
Дата издания |
2025 |
| 215 |
Физическое описание |
__ |
| a |
Объем |
429, [2] |
| d |
Формат |
21 см |
| 330 |
Аннотация |
__ |
| a |
Аннотация |
Цзи Бай и Сюй Сюй больше не скрывают своих чувств и готовы бороться за них так же решительно, как преследуют преступников. Теперь им предстоит не только идти по следу самых опасных криминальных гениев, но и строить отношения, находясь в эпицентре смертельной угрозы. Сможет ли их дуэт устоять перед испытаниями судьбы и сохранить то, что они так бережно создавали? На страницах второго тома читателей ждут новые захватывающие расследования, неожиданные сюжетные повороты и история любви. |
| 333 |
Примечание о целевом назначении |
__ |
| a |
Примечание о целевом назначении |
18+. Запрещено для детей |
| 461 |
Уровень набора |
_0 |
| 1 |
|
700 0 |
| a |
|
Дин Мо |
| 1 |
|
2001 |
| a |
|
Когда улитка влюблена |
| e |
|
[детективный роман] |
| f |
|
Дин Мо |
| g |
|
[перевод с китайского] |
| v |
|
Т. 2 |
| 1 |
|
2101 |
| a |
|
Санкт-Петербург |
| a |
|
Москва |
| a |
|
Минск |
| c |
|
Питер |
| d |
|
2025 |
| 1 |
|
0019869093462f940c19899cb76f5975304 |
| 1 |
|
203 |
| a |
|
Текст |
| c |
|
непосредственный |
| 1 |
|
2252 |
| a |
|
Серия "Сердце Азии" |
| 606 |
Тематические рубрики |
__ |
| 2 |
Код системы |
nlr_sh |
| a |
Основная рубрика |
Художественная литература |
| 606 |
Тематические рубрики |
__ |
| 2 |
Код системы |
nlr_sh |
| a |
Основная рубрика |
Литература Азии (произведения) |
| y |
Географическая подрубрика |
Китай |
| 610 |
Ключевые слова |
0_ |
| a |
Ключевые слова |
зарубежная литература |
| 610 |
Ключевые слова |
0_ |
| a |
Ключевые слова |
современная зарубежная литература |
| 610 |
Ключевые слова |
0_ |
| a |
Ключевые слова |
китайская литература |
| 610 |
Ключевые слова |
0_ |
| a |
Ключевые слова |
китайские детективы |
| 610 |
Ключевые слова |
0_ |
| a |
Ключевые слова |
любовные детективы |
| 610 |
Ключевые слова |
0_ |
| a |
Ключевые слова |
романтические детективы |
| 610 |
Ключевые слова |
0_ |
| a |
Ключевые слова |
тема расследований |
| 610 |
Ключевые слова |
0_ |
| a |
Ключевые слова |
тема отношений |
| 610 |
Ключевые слова |
0_ |
| a |
Ключевые слова |
тема неприязни |
| 610 |
Ключевые слова |
0_ |
| a |
Ключевые слова |
тема развития отношений |
| 610 |
Ключевые слова |
0_ |
| a |
Ключевые слова |
развитие отношений |
| 610 |
Ключевые слова |
0_ |
| a |
Ключевые слова |
детективы |
| 610 |
Ключевые слова |
0_ |
| a |
Ключевые слова |
тема полицейских |
| 610 |
Ключевые слова |
0_ |
| a |
Ключевые слова |
китайская полиция |
| 610 |
Ключевые слова |
0_ |
| a |
Ключевые слова |
тема криминала |
| 610 |
Ключевые слова |
0_ |
| a |
Ключевые слова |
криминальные детективы |
| 610 |
Ключевые слова |
0_ |
| a |
Ключевые слова |
экранизации |
| 610 |
Ключевые слова |
0_ |
| a |
Ключевые слова |
экранизированные книги |
| 686 |
Индексы других классификаций |
__ |
| 2 |
Код системы |
rubbks |
| a |
Классификационный индекс |
84(5Кит)6-445 |
| 702 |
Вторичная интеллектуальная ответственность |
_1 |
| a |
Фамилия |
Симакина |
| b |
Имя |
В. |
| g |
Полное личное имя |
Вера |
| 4 |
Код отношения |
730 |
| 801 |
Источник записи |
_0 |
| a |
Страна |
RU |
| b |
Организация |
Муниципальное бюджетное учреждение культуры "Централизованная библиотечная система" г. Сургут (Центральная городская библиотека им. А. С. Пушкина) |
| c |
Дата составления |
20260702 |
| g |
Правила каталогизации |
PSBO |
| 801 |
Источник записи |
_1 |
| a |
Страна |
RU |
| b |
Организация |
Муниципальное бюджетное учреждение культуры "Централизованная библиотечная система" г. Сургут (Центральная городская библиотека им. А. С. Пушкина) |
| c |
Дата составления |
20260702 |
| g |
Правила каталогизации |
PSBO |
| 852 |
Данные о местонахождении |
__ |
| i |
Авторский знак |
Д 46 |
| j |
Шифр хранения |
84(5Кит)6-445 |
| 901 |
Тип документа |
__ |
| t |
Тип документа |
n |
| w |
Контрольный № источника |
9869093462f940c19899cb76f5975304 |
| a |
Ответственный |
ООФиК/Губина |
| 901 |
Тип документа |
__ |
| a |
Ответственный |
без партии |
| 903 |
Характеристики (МАРС) |
__ |
| c |
Наименование библиотеки (МАРС) |
Муниципальное бюджетное учреждение культуры "Централизованная библиотечная система" г. Сургут (Центральная городская библиотека им. А. С. Пушкина) |
| a |
Дата передачи |
20260702 |